000 00594nam a2200181 i 4500
001 118516
003 ES-MaACL
005 20230906191121.0
007 t|
008 070214s1911 sp r ||||1| spa d
100 1 _aPareja Yévenes, José.
_989069
245 1 4 _aLas disoluciones iso e hipertónicas de mercuriales en el tratamiento de la sífilis
_b: tesis doctoral /
_cJosé Pareja Yévenes.
260 _aGranada :
_b[s. n.],
_c1911 (
_fTip. de López Guevara)
300 _a65 p. ;
_c24 cm.
502 _aTesis doctoral.
650 0 4 _aSífilis.
_917092
852 _aES-MaACL
_jT-1314-F-9
999 _c118516
_d118516